Understanding popular culture /

保存先:
書誌詳細
第一著者: Fiske, John.
フォーマット: 図書
言語:English
出版事項: London ; New York : Routledge, 1989.
主題:
タグ: タグ追加
タグなし, このレコードへの初めてのタグを付けませんか!
Thư viện lưu trữ: Mạng thư viện Đại học Đà Nẵng
LEADER 00776cam a2200325 i 4500
001 000045104
003 4229
005 20030225145520.0
008 010220|1989 vm 000 eng
020 |a 0415078768 
040 |a IRC  |c IRC  |d IRC 
041 0 |a eng 
082 1 4 |a 306.4  |b FI-J 
100 1 |a Fiske, John. 
245 0 0 |a Understanding popular culture /  |c John Fiske. 
260 |a London ; New York :  |b Routledge,  |c 1989. 
300 |a xi, 206p. 
630 0 4 |a Culture. 
650 0 4 |a Capitalism. 
650 0 4 |a Popular culture. 
OWN |a DUT 
999 |a From the UDN01 
TYP |a Monograph 
TYP |a Printed language 
980 |a Mạng thư viện Đại học Đà Nẵng